[Event "CFriend AP-2004-Q-00015 email"]
[Site "Chessfriend.com"]
[Date "2004.07.10"]
[Round "?"]
[White "Bonehill, Andrew J"]
[Black "Facundo, Martin"]
[Result "1-0"]
[WhiteElo "2265"]
[BlackElo "1820"]
[PlyCount "21"]
[EventDate "2004.??.??"]
[EventType "tourn (corr)"]
[EventRounds "12"]
[SourceTitle "Corr 2008"]
[Source "ChessBase"]
[SourceDate "2008.06.24"]
[SourceVersion "1"]
[SourceVersionDate "2008.06.24"]
[SourceQuality "1"]

1. d4 e6 2. e4 d5 3. Nd2 dxe4 4. Nxe4 Nd7 5. Nf3 Ngf6 6. Nxf6+ Nxf6 7. c3 Be7 8. Bd3 0-0 9. 0-0 c6 10. Ne5 Qc7 11. Qf3 1-0

[Event "CFriend AP-2004-Q-00015 email"]
[Site "Chessfriend.com"]
[Date "2004.07.10"]
[Round "?"]
[White "Facundo, Martin"]
[Black "Klein, Peter"]
[Result "1-0"]
[WhiteElo "1820"]
[BlackElo "1400"]
[PlyCount "39"]
[EventDate "2004.??.??"]
[EventType "tourn (corr)"]
[EventRounds "12"]
[SourceTitle "Corr 2008"]
[Source "ChessBase"]
[SourceDate "2008.06.24"]
[SourceVersion "1"]
[SourceVersionDate "2008.06.24"]
[SourceQuality "1"]

1. e4 c5 2. Nf3 e6 3. d4 cxd4 4. Nxd4 Nc6 5. Nc3 a6 6. a3 g6 7. Nxc6 bxc6 8. Bf4 Bg7 9. Bd3 Ne7 10. 0-0 d6 11. Re1 e5 12. Bg5 f6 13. Be3 d5 14. exd5 cxd5 15. Bc5 e4 16. Bxe7 Kxe7 17. Nxd5+ Kf7 18. Rxe4 Be6 19. Nf4 Re8 20. Nxe6 1-0

[Event "CFriend AP-2004-Q-00015 email"]
[Site "Chessfriend.com"]
[Date "2004.07.10"]
[Round "1"]
[White "Facundo, Martin"]
[Black "Sygulski, BogusAw"]
[Result "1-0"]
[WhiteElo "1721"]
[BlackElo "1807"]
[PlyCount "21"]
[EventDate "2004.??.??"]
[EventType "tourn (corr)"]
[EventRounds "12"]
[SourceTitle "Corr 2024"]
[Source "ChessBase"]
[SourceDate "2023.10.19"]
[SourceVersion "1"]
[SourceVersionDate "2023.10.19"]
[SourceQuality "1"]

1. e4 c5 2. Nf3 Nc6 3. d4 cxd4 4. Nxd4 d5 5. Bb5 dxe4 6. Nxc6 Qxd1+ 7. Kxd1 a6 8. Nxe7+ Kxe7 9. Bc4 Be6 10. Bxe6 Kxe6 11. Ke2 1-0

[Event "CFriend AP-2004-Q-00015 email"]
[Site "Chessfriend.com"]
[Date "2004.07.10"]
[Round "?"]
[White "Tufan, Turker"]
[Black "Facundo, Martin"]
[Result "1-0"]
[WhiteElo "1001"]
[BlackElo "1820"]
[PlyCount "41"]
[EventDate "2004.??.??"]
[EventType "tourn (corr)"]
[EventRounds "12"]
[SourceTitle "Corr 2008"]
[Source "ChessBase"]
[SourceDate "2008.06.24"]
[SourceVersion "1"]
[SourceVersionDate "2008.06.24"]
[SourceQuality "1"]

1. e4 c5 2. Nc3 e6 3. Nf3 a6 4. d4 cxd4 5. Nxd4 e5 6. Nde2 Bb4 7. f4 exf4 8. Bxf4 Nf6 9. Ng3 0-0 10. Qd4 Nc6 11. Qd3 Bxc3+ 12. Qxc3 d5 13. 0-0-0 d4 14. Qd2 Be6 15. h3 Bxa2 16. b3 Rc8 17. Kb2 Qb6 18. Bd6 Bxb3 19. cxb3 Rcd8 20. Bxf8 Kxf8 21. Ra1 1-0